000 00562nam a2200217Ia 4500
003 OSt
005 20220926041443.0
006 a|||||r|||| 00| 0
007 ta
008 220923b |||||||| |||| 00| 0 eng d
037 _cGeneral Book
040 _aRTL
_cRTL
_beng
041 _2eng
_aeng
082 _aX:545.44Q7.N7, K3
100 _aBruton Henry J
_9151471
245 0 _aPakistan export bonus scheme
260 _c1962
300 _a110p
_ccm.
942 _hX:545.44Q7.N7, K3
_cGB
_2CC
999 _c667257
_d667257